Computer vision system for general public

Bibliographic Details
Main Author: Kubíni, Peter, 1765-1835 (Author)
Format: Article
Language:English
PhysicalDescription:Obr., sch.
ISSN:1336-524X
Subjects:

MARC

LEADER 00000nab a2200000 ar4500
001 vtls009177334
003 SK-MaSNL
005 20260318122205.0
008 080124c2007 xo |||||||||||000 b|eng
015 |a SNBRB2008/01  |2 snkbucl 
038 |a SNKBUCL 
040 |a SNKBUCL  |b slo  |c SNKBUCL  |e AACR2 
041 0 |a eng  |b eng  |b slo 
044 |a xo  |c SK 
080 |a 004.93:004.42  |2 2001 
080 |a 004.42  |2 2001 
100 1 |a Kubíni, Peter,  |d 1765-1835  |4 aut  |9 185995 
245 1 0 |a Computer vision system for general public  |c Peter Kubíni 
300 |b Obr., sch. 
504 |a Bibliogr. odkazy 
546 |a Res. angl., slov. 
650 0 7 |a videosekvencie  |2 snkbucl  |9 1465278 
650 0 7 |a počítačové videnie  |2 snkbucl  |9 73799 
650 0 7 |a počítačové spracovanie obrazu  |2 snkbucl  |9 68795 
650 0 7 |a softvér  |2 snkbucl  |9 1223 
773 0 |t G : slovenský časopis pre geometriu a grafiku  |g Roč. 4, č. 7 (2007), s. 37-50  |x 1336-524X 
852 |a SNK  |b KIS3GCP 
958 |a NB 
999 |c 3017380  |d 3019310